00679nam a2200193Ia 4500008004100000020001800041082001700059100002000076245009700096250000700193260003900200300003000239500001900269600002000288650002000308942000700328952013300335999001700468240925s9999 xx 000 0 und d a9788126547234 a333.7932 LAI aNot - Available 0aPower System Restructuring and Deregulation: Trading, Performance and Information Technology aNA aNew Delhi:bWiley and Sonsc,2001. axxiii, 791p.b0fOriginal aIncludes Index aSocial Sciences aSocial Sciences cBK 001040708SSaUITUbUITUd2016-05-18eRoyal Book Companyg920.70l0o333.7932 LAIpQ10861r2024-09-25 07:15:52w2024-09-25yBK c13360d13360